000 00681nam a2200193Ia 4500
001 67544
003 OSt
005 20150702095553.0
008 150604s9999 xx 000 0 und d
020 _a9789695342473
040 _cPK-LaUMT
082 _a 891.4393
_bSHO-U
100 _aShoaib Attiq Khan(شعیب عتیق خان)
245 _aUrdu kay afsanavi adb par fasadaat 1949 kay asraat (Urdu)(اردو کے افسانوی ادب پر فسادات 1949 کے اثرات)
_cShoaib Attiq Khan(شعیب عتیق خان)
260 _aMultan,Pakistan:(ملتان ، پاکستان )
_bBecon Books,(بیکن بکس)
_c2014
300 _a448 p.
546 _aUR
942 _cBK
_2ddc
999 _c72920
_d72920